Представление документа в формате RUSMARC

ПолеНазваниеЗначение
  Тип записи i
  Библиографический уровень m
001 Контрольный номер RU/IS/BASE/418390333
005 Дата корректировки 20250218114611.0
010 Индекс ISBN __
d Цена 195-29
101 Язык документа 0_
a Язык текста rus
200 Заглавие и сведения об ответственности 1_
a Заглавие Отчаяние
e Сведения, относящиеся к заглавию [аудиокнига : роман]
f Первые сведения об ответственности Юлиан Семенов ; читает Артем Карапетян
b Общее обозначение материала Звукозапись
210 Выходные данные 1_
a Место издания М.
c Издательство Равновесие
d Дата издания 2010
215 Физическое описание __
a Объем 1 электрон. опт. диск (Audio CD) (10 ч. 03 мин.)
225 Серия 2_
a Серия Детектив
225 Серия 2_
a Серия CD - слушай!
300 Общие примечания __
a Общие примечания Pentium-II ; 256 МБ ОЗУ ; CD/DVD-ROM ; Windows 2000/XP/Vista/7 ; AudioCD MP3 ; звуковая карта; 128 kbps ; 44 кHz
a Общие примечания Техн. поддержка: support@ravnovesie.com
a Общие примечания Аудиокн. содерж. звуковые файлы и электрон. текст произведения
323 Примечание о главных создателях, исполнителях, участниках __
a Примечание о главных создателях, исполнителях, участниках Карапетян, А. (читает)
330 Аннотация __
a Аннотация Роман из цикла произведений о советском разведчике Максиме Исаеве, легендарном Максе Отто фон Штирлице. После войны Штирлиц оказывается в Латинской Америке, где с помощью американских разведчиков и мафии похищает Мюллера с нацистской базы в Аргентине и добирается до советского посольства. Но ему не верят и тут же начинают использовать в своих политических играх... Вы узнаете, какие удары судьбы ожидают Штирлица и какая участь уготована Сашеньке Гавриловой, любви всей его жизни.
333 Примечание о целевом назначении __
a Примечание о целевом назначении 12+. Для детей старше 12 лет
606 Тематические рубрики __
a Основная рубрика Художественная литература
606 Тематические рубрики __
a Основная рубрика Русская литература XX в. (произведения)
610 Ключевые слова 0_
a Ключевые слова романы; шпионские романы; остросюжетные романы; советская литература; Штирлиц; Исаев; литературные герои; литературные персонажи; тема войны; тема разведки; тема политики; тема мафии
686 Индексы других классификаций __
a Классификационный индекс 84(2=411.2)6-445я04; ст84(2Рос=Рус)6-445я0
700 Автор _1
a Фамилия Семенов
b Имя Ю. С.
f Даты 1931-1993
g Полное личное имя Юлиан Семенович
4 Код отношения 070
801 Источник записи _0
a Страна RU
b Организация Муниципальное бюджетное учреждение культуры "Централизованная библиотечная система" г. Сургут (Центральная городская библиотека им. А. С. Пушкина)
g Правила каталогизации КиК/Апакова
801 Источник записи _1
a Страна RU
b Организация Муниципальное бюджетное учреждение культуры "Централизованная библиотечная система" г. Сургут (Центральная городская библиотека им. А. С. Пушкина)
g Правила каталогизации КиК/Апакова
852 Данные о местонахождении __
j Шифр хранения 84(2=411.2)6-445я04
i Авторский знак С 30
901 Тип документа __
t Тип документа 0
903 Характеристики (МАРС) __
a Дата передачи 20130404
969 Тип издания __
a Тип издания аудиокнига; издание для слепых
990 Данные о заказе (DOS) __
j Количество экземпляров (DOS) 7
h N записи в КСУ для Б/У (DOS) 201304